Подробности
| 000 -МАРКЕР |
| контрольное поле |
03522nam2a22003971 4500 |
| 001 - ИДЕНТИФИКАТОР ЗАПИСИ |
| контрольное поле |
rc\14629 |
| 005 - ИДЕНТИФИКАТОР ВЕРСИИ |
| контрольное поле |
20250620120917.0 |
| 010 ## - МЕЖДУНАРОДНЫЙ СТАНДАРТНЫЙ НОМЕР КНИГИ (ISBN) |
| Номер (ISBN) |
5-7082-0008-1 |
| Тираж |
100000 |
| 035 ## - ДРУГИЕ СИСТЕМНЫЕ НОМЕРА |
| Идентификатор записи |
(NLR Aleph) 005310113 |
| 100 ## - ДАННЫЕ ОБЩЕЙ ОБРАБОТКИ |
| Данные общей обработки |
20021204d1991 |||y0rusy50 ca |
| 101 0# - ЯЗЫК РЕСУРСА |
| Язык текста, звукозаписи и т.д. |
русский |
| 102 ## - СТРАНА ПУБЛИКАЦИИ ИЛИ ПРОИЗВОДСТВА |
| Страна публикации |
Российская Федерация |
| 105 ## - ПОЛЕ КОДИРОВАННЫХ ДАННЫХ: ТЕКСТОВЫЕ МАТЕРИАЛЫ, МОНОГРАФИЧЕСКИЕ |
| Кодированные данные о монографическом текстовом документе |
a ||||||||| |
| 200 1# - ЗАГЛАВИЕ И СВЕДЕНИЯ ОБ ОТВЕТСТВЕННОСТИ |
| Основное заглавие |
Хорас Уолпол, Мэри Шелли, Алексей Константинович Толстой, Эдгар Аллан По, Николай Васильевич Гоголь |
| 210 ## - ПУБЛИКАЦИЯ, РАСПРОСТРАНЕНИЕ И ДР. |
| Дата издания, распространения и т.д. |
Б. г. (1991) |
| Место издания, распространения и т.д. |
Б. м. |
| 215 ## - ФИЗИЧЕСКАЯ ХАРАКТЕРИСТИКА |
| Специфическое обозначение материала и объем |
367, [1] с. |
| Другие сведения о физической характеристике |
ил. |
| 327 1# - ПРИМЕЧАНИЯ О СОДЕРЖАНИИ |
| Текст примечания |
Содерж.: Замок Отранто / Х. Уолпол. Франкенштейн, или Современный Прометей / М. Шелли. Упырь; Встреча через триста лет; Семья вурдалака / А.К. Толстой. Падение дома Ашеров; Метценгерштейн; Лигейя; Правда о том, что случилось с мистером Вальдемаром / Э.А. По. Страшная месть; Вий / Н.В. Гоголь |
| 461 #0 - УРОВЕНЬ НАБОРА |
| Встроенное поле |
001rc\14628 |
| -- |
2001#$aАнтология ужасов$e[В 4 т.$fСост. и отв. ред. А.Г. Лавлинский$gАвт. вступ. ст. В.Л. Голман$gХудож. А.В. Коротич]$v[Т.] 1 |
| Системный номер (АБИС) связанной записи |
6377222 |
| Место публикации |
Б. м. |
| Дата публикации |
Б. г. |
| Первые сведения об ответственности |
Сост. и отв. ред. А.Г. Лавлинский |
| Имя издателя, распространителя и т.д. |
Сев.-Кавк. информ.-рекл. агентство |
| Сведения, относящиеся к заглавию |
[В 4 т. |
| Заглавие |
Антология ужасов |
| Номер тома |
[Т.] 1 |
| 464 #0 - АНАЛИТИЧЕСКИЙ УРОВЕНЬ |
| Встроенное поле |
2001#$aЗамок Отранто |
| -- |
700#1$aУолпол$bХ. |
| Заглавие |
Замок Отранто |
| Автор |
Уолпол, Х. |
| 464 #0 - АНАЛИТИЧЕСКИЙ УРОВЕНЬ |
| Встроенное поле |
2001#$aФранкенштейн, или Современный Прометей |
| -- |
700#1$aШелли$bМ.$f1797-1851$gМэри$3RU\NLR\AUTH\7732351 |
| Заглавие |
Франкенштейн, или Современный Прометей |
| Автор |
Шелли, Мэри (1797-1851) |
| 464 #0 - АНАЛИТИЧЕСКИЙ УРОВЕНЬ |
| Встроенное поле |
2001#$aУпырь |
| -- |
700#1$aТолстой$bА.К. |
| Заглавие |
Упырь |
| Автор |
Толстой, А.К. |
| 464 #0 - АНАЛИТИЧЕСКИЙ УРОВЕНЬ |
| Встроенное поле |
2001#$aВстреча через триста лет |
| -- |
700#1$aТолстой$bА.К. |
| Заглавие |
Встреча через триста лет |
| Автор |
Толстой, А.К. |
| 464 #0 - АНАЛИТИЧЕСКИЙ УРОВЕНЬ |
| Встроенное поле |
2001#$aСемья вурдалака |
| -- |
700#1$aТолстой$bА.К. |
| Заглавие |
Семья вурдалака |
| Автор |
Толстой, А.К. |
| 464 #0 - АНАЛИТИЧЕСКИЙ УРОВЕНЬ |
| Встроенное поле |
2001#$aПадение дома Ашеров |
| -- |
700#1$aПо$bЭ.А. |
| Заглавие |
Падение дома Ашеров |
| Автор |
По, Э.А. |
| 464 #0 - АНАЛИТИЧЕСКИЙ УРОВЕНЬ |
| Встроенное поле |
2001#$aМетценгерштейн |
| -- |
700#1$aПо$bЭ.А. |
| Заглавие |
Метценгерштейн |
| Автор |
По, Э.А. |
| 464 #0 - АНАЛИТИЧЕСКИЙ УРОВЕНЬ |
| Встроенное поле |
2001#$aЛигейя |
| -- |
700#1$aПо$bЭ.А. |
| Заглавие |
Лигейя |
| Автор |
По, Э.А. |
| 464 #0 - АНАЛИТИЧЕСКИЙ УРОВЕНЬ |
| Встроенное поле |
2001#$aПравда о том, что случилось с мистером Вальдемаром |
| -- |
700#1$aПо$bЭ.А. |
| Заглавие |
Правда о том, что случилось с мистером Вальдемаром |
| Автор |
По, Э.А. |
| 464 #0 - АНАЛИТИЧЕСКИЙ УРОВЕНЬ |
| Встроенное поле |
2001#$aСтрашная месть |
| -- |
700#1$aГоголь$bН.В.$f1809-1852$gНиколай Васильевич$3RU\NLR\AUTH\773480 |
| Заглавие |
Страшная месть |
| Автор |
Гоголь, Николай Васильевич (1809-1852) |
| 464 #0 - АНАЛИТИЧЕСКИЙ УРОВЕНЬ |
| Встроенное поле |
2001#$aВий |
| -- |
700#1$aГоголь$bН.В.$f1809-1852$gНиколай Васильевич$3RU\NLR\AUTH\773480 |
| Заглавие |
Вий |
| Автор |
Гоголь, Николай Васильевич (1809-1852) |
| 801 #0 - ИСТОЧНИК ЗАПИСИ |
| Страна |
Российская Федерация |
| Организация |
NLR |
| Правила каталогизации |
psbo |
| 801 #1 - ИСТОЧНИК ЗАПИСИ |
| Страна |
Российская Федерация |
| Организация |
ELAR |
| Источник данных |
rusmarc |
| 852 ## - МЕСТОНАХОЖДЕНИЕ И ШИФР ХРАНЕНИЯ |
| Идентификатор организации |
NLR |
| Шифр хранения (Call Number) |
91-5/4490 |
| 942 ## - ДОПОЛНИТЕЛЬНЫЕ ЭЛЕМЕНТЫ ЗАПИСИ (АБИС) |
| Тип экземпляра АБИС |
Книга |
| 980 ## - КОЛЛЕКЦИЯ |
| Название коллекции |
Национальная библиография |